Oxford compendium 3.0

Αποθηκεύτηκε σε:
Λεπτομέρειες βιβλιογραφικής εγγραφής
Συγγραφή απο Οργανισμό/Αρχή: University of Oxford
Μορφή: Ηλεκτρονική πηγή
Γλώσσα:English
Δημοσίευση: Oxford, UK. : Oxford University Press, c1997
Θέματα:
Ετικέτες: Προσθήκη ετικέτας
Δεν υπάρχουν, Καταχωρήστε ετικέτα πρώτοι!

MARC

LEADER 00000nmm a2200000 i 4500
001 1/27942
008 021002s1997 uk eng d
020 |a 0-19-268404-3 
035 |l 10068529 
040 |a GR-MY-UA  |b gre  |e aacr 
041 0 |a eng 
082 0 |a 423 
245 1 0 |a Oxford compendium 3.0  |h [computer file] /  |c Oxford University 
260 |a Oxford, UK. :   |b Oxford University Press,   |c c1997 
300 |a 1 computer laser optical disc;  |c 4 3/4 in. 
500 |a Includes the Concise Oxford Dictionary (Ninth Edition)-now with sound, the Oxford Thesaurus, and the combined Oxford Dictionary of Quotations and Oxford Dictionary of Modern Quotations. 
538 |a System requirements: IBM PC or full compatible; Minimum 80486 processor; 25MHz SX (DX recommended); 4Mb installed RAM (8 recommended and required for Windows 95); VGA monitor or better; DOS 3.3 or higher; Windows 3.1 or higher; Windows-compatible double-speed CD-ROM drive and Microsoft CD-ROM extensions sofware (MSCDEX) version 2.21 or higher; Video card capable of displaying 256 colours on a standard VGA display of 640x480; 16 bit sound card, and headphones or speakers, if sound required. 
650 0 0 |a English language  |x Dictionaries. 
710 2 |a University of Oxford. 
852 |a INST  |b SAMOS  |c AV  |e 20021002  |h 423 OXF  |p 005300024452  |q 005300024452  |t CDROM  |y 23 
901 |a BIBL3-2001-1 
909 |a Σ  |b 087660 
922 |a 3ΕΛΗ  |b 200009  |c ΤΠΕΣ  |d ΠΑΠΑΣΩΤΗΡΙΟΥ 
970 |a ΠΟΥΡΝΑΡΑΣ  |b ΔΗΜΗΤΡΗΣ  |z 2000/10/02